At the altar of sexual idolatry / (Record no. 10022)
[ view plain ]
| 000 -LEADER | |
|---|---|
| fixed length control field | 00884cam a2200301Ia 4500 |
| 001 - CONTROL NUMBER | |
| control field | 175817528 |
| 003 - CONTROL NUMBER IDENTIFIER | |
| control field | OCoLC |
| 005 - DATE AND TIME OF LATEST TRANSACTION | |
| control field | 20210208152114.0 |
| 008 - FIXED-LENGTH DATA ELEMENTS--GENERAL INFORMATION | |
| fixed length control field | 071023s2007 kyua b 000 0 eng d |
| 020 ## - INTERNATIONAL STANDARD BOOK NUMBER | |
| International Standard Book Number | 9780970220202 |
| 020 ## - INTERNATIONAL STANDARD BOOK NUMBER | |
| International Standard Book Number | 0970220200 |
| 035 ## - SYSTEM CONTROL NUMBER | |
| System control number | (OCoLC)175817528 |
| 040 ## - CATALOGING SOURCE | |
| Original cataloging agency | IMF |
| Transcribing agency | IMF |
| Modifying agency | BDX |
| -- | MZN |
| 050 ## - LIBRARY OF CONGRESS CALL NUMBER | |
| Item number | G162A |
| 082 ## - DEWEY DECIMAL CLASSIFICATION NUMBER | |
| Item number | G162A |
| 090 ## - LOCALLY ASSIGNED LC-TYPE CALL NUMBER (OCLC); LOCAL CALL NUMBER (RLIN) | |
| Classification number (OCLC) (R) ; Classification number, CALL (RLIN) (NR) | RC560.S43 |
| Local cutter number (OCLC) ; Book number/undivided call number, CALL (RLIN) | G162A |
| 100 1# - MAIN ENTRY--PERSONAL NAME | |
| Personal name | Gallagher, Steve |
| 245 10 - TITLE STATEMENT | |
| Title | At the altar of sexual idolatry / |
| Statement of responsibility, etc. | Steve Gallagher |
| 250 ## - EDITION STATEMENT | |
| Edition statement | 20th anniversary edition, revised & expanded |
| 260 ## - PUBLICATION, DISTRIBUTION, ETC. | |
| Place of publication, distribution, etc. | Dry Ridge, Ky. : |
| Name of publisher, distributor, etc. | Pure Life Ministries, |
| Date of publication, distribution, etc. | c2007 |
| 300 ## - PHYSICAL DESCRIPTION | |
| Extent | 300 pages : |
| Other physical details | illustrations ; |
| Dimensions | 22 cm |
| 504 ## - BIBLIOGRAPHY, ETC. NOTE | |
| Bibliography, etc. note | Includes bibliographical references (p. [295]-300) |
| 650 #0 - SUBJECT ADDED ENTRY--TOPICAL TERM | |
| Topical term or geographic name entry element | Sex addiction |
| General subdivision | Religious aspects |
| 650 #0 - SUBJECT ADDED ENTRY--TOPICAL TERM | |
| Topical term or geographic name entry element | Adultery |
| 650 #0 - SUBJECT ADDED ENTRY--TOPICAL TERM | |
| Topical term or geographic name entry element | Pornography |
| 650 #0 - SUBJECT ADDED ENTRY--TOPICAL TERM | |
| Topical term or geographic name entry element | Pastoral counseling |
| 942 ## - ADDED ENTRY ELEMENTS (KOHA) | |
| Source of classification or shelving scheme | Dewey Decimal Classification |
| Koha item type | Books |
| Withdrawn status | Lost status | Source of classification or shelving scheme | Damaged status | Not for loan | Collection code | Home library | Current library | Shelving location | Date acquired | Total Checkouts | Full call number | Barcode | Date last seen | Price effective from | Koha item type |
|---|---|---|---|---|---|---|---|---|---|---|---|---|---|---|---|
| Dewey Decimal Classification | Non-fiction | Harvest Mission College | Harvest Mission College | General Stacks | 17.02.2021 | 241.66 G162A | 011521 | 17.02.2021 | 17.02.2021 | Books |
